Statistics for Places Named For Cardinal Directions

Click here to take the quiz!

General Stats

  • This quiz has been taken 31 times
  • The average score is 11 of 15

Answer Stats

HintAnswer% Correct
Another name for aurora borealisNorthern Lights
93%
One of the youngest countriesSouth Sudan
93%
Predominantly Christian nation sharing border with IndonesiaEast Timor
90%
Region spanning Egypt to IranMiddle East
86%
Territory claimed by PalestineWest Bank
86%
Name given to waters around AntarcticaSouthern Ocean
83%
Maghreb territory occupied by MoroccoWestern Sahara
83%
This part of this Mediterranean island is recognized by TurkeyNorthern Cyprus
76%
State that declared independence from Georgia in 1991South Ossetia
72%
Name for the American frontierWild West
72%
Group of Warsaw Pact countries in Europe following WW2Eastern Bloc
66%
Large territory in central AustraliaNorthern Territory
59%
Region of Caribbean containing Greater and Lesser AntillesWest Indies
55%
Former name of SamoaWestern Samoa
48%
Indian state home to KolkataWest Bengal
34%

Score Distribution

Percentile by Number Answered

Percent of People with Each Score

Your Score History

You have not taken this quiz